00471 2200193 4500001002100000005001500021008004100036020002200077035001900099041000700118082001200125090002000137100002900157245001800186260002100204300003400225500000600259650001200265INLIS00000000000289320241224112624241224||||||||| | ||| |||| || |  a978-602-84-5898-6 0010-1224002893 aen0 a959.801 a959.801 AHM a/20 aAhmad Mansur Suryanegara00aApi Sejarah 2 bSalamadanic2012 axxxiv, 590 hlm.; ilus.: 25 cm a4 0aSejarah